| 000 | 00484nam a2200181Ia 4500 | ||
|---|---|---|---|
| 008 | 230917s9999||||xx |||||||||||||| ||und|| | ||
| 020 | _cRS350 | ||
| 040 |
_e213773 _aMAIN |
||
| 041 | _aEnglish | ||
| 082 | _a515.35 A76D(2) | ||
| 100 | _aAhsan, Zafar | ||
| 245 | 0 | _aDifferential equations and their applications | |
| 250 | _a2nd. ed. | ||
| 260 |
_aDelhi _bPHI Learning _c2013 |
||
| 300 | _axiv, 514 p. | ||
| 500 | _a62 15/01/2014 5647 03/02/2014 Mathematics (NBHM) | ||
| 942 | _cBK | ||
| 999 |
_c11050 _d11050 |
||